00522pam a2200157 a 4500020000500000041000500005082001300010100002400023245007200047250001000119260003800129300001500167930000900182999001900191952015400210 c h a750bGID aBhogwan s Gidwani . aOmkar and I PhotographybOmkar and I PhotographyhTextual Documents a1991. a[s.l]:bTransmission House Bombay a75:bHard. a3051 c236841d236841 001040708Text BooksaFAPbFAPd2007-05-24eBhararti Sahakari Grahak Bhandarg1403.00l0o750 GIDpFAP-3051r2023-03-07 00:00:00t1w2023-03-07yBK